[Event "Dutch League 2016-17"]
[Site "Netherlands NED"]
[Date "2017.03.11"]
[Round "7.1"]
[White "Bok,B"]
[Black "Leenhouts,K"]
[Result "1-0"]
[WhiteElo "2592"]
[BlackElo "2492"]
[EventType "team-tourn"]

1.e4 c5 2.Nf3 e6 3.d4 cxd4 4.Nxd4 Nc6 5.Nc3 Qc7 6.Be3 a6 7.Qf3 d6 8.Nxc6 Qxc6
9.Qg3 Nf6 10.Bd3 b5 11.f3 Be7 12.O-O O-O 13.a3 e5 14.a4 b4 15.Nd5 Nxd5 16.exd5
Qb7 17.a5 f5 18.Qe1 Bd7 19.Bb6 Qxd5 20.Qxb4 Qf7 21.Qe1 Qh5 22.f4 Bf6 23.Bc4+
Kh8 24.Qd1 Qxd1 25.Raxd1 Rfc8 26.b3 exf4 27.Rxd6 Bb5 28.Bxb5 axb5 29.Rd5 Rxc2
30.Rxf5 Re8 31.R5xf4 Ra2 32.R4f2 Ra3 33.b4 h6 34.g3 Re4 35.Rf4 Rc4 36.Bc5 Bg5
37.R4f3 Ra4 38.R1f2 Kh7 39.Kg2 Bd8 40.Rf4 Rc1 41.Rf7 Kg6 42.Rd7 Bf6 43.Rb7 Rb1
44.Rxb5 Bc3 45.Rb6+ Kh7 46.a6 Bxb4 47.Bxb4 Rbxb4 48.Rxb4 Rxb4 49.Ra2 Rb8 50.a7
Ra8 51.Kf3 Kg6 52.Ke4 Kg5 53.Kd5 {#r} 1-0

[Event "Dutch League 2016-17"]
[Site "Netherlands NED"]
[Date "2017.03.11"]
[Round "7.2"]
[White "Czebe,A"]
[Black "Nijboer,F"]
[Result "1-0"]
[WhiteElo "2459"]
[BlackElo "2552"]
[EventType "team-tourn"]

1.c4 f5 2.g3 Nf6 3.Bg2 g6 4.b4 e6 5.Qb3 a5 6.b5 a4 7.Qc2 c6 8.Nc3 d5 9.Nf3
Nbd7 10.O-O Nb6 11.bxc6 bxc6 12.d3 Bd7 13.Rb1 Be7 14.Be3 c5 15.Ne5 Ra6 16.Bh6
Qc7 17.cxd5 exd5 18.Bg7 Rg8 19.Bxf6 Bxf6 20.Nxd5 Qxe5 21.Nxb6 Be6 22.Nxa4 Be7
23.Rb6 Rxb6 24.Nxb6 Kf7 25.a4 Rb8 26.a5 {#r} 1-0

[Event "Dutch League 2016-17"]
[Site "Netherlands NED"]
[Date "2017.03.11"]
[Round "7.3"]
[White "Ikonnikov,Vy"]
[Black "De Schampheleire,G"]
[Result "1-0"]
[WhiteElo "2538"]
[BlackElo "2325"]
[EventType "team-tourn"]

1.d4 Nf6 2.c4 e6 3.Nf3 b6 4.Nc3 Bb7 5.Bg5 Bb4 6.Rc1 h6 7.Bxf6 Qxf6 8.a3 Bxc3+
9.Rxc3 O-O 10.e3 d6 11.Be2 Nd7 12.O-O Rfd8 13.Qa4 c5 14.Rd1 a6 15.Ne1 b5
16.Qa5 bxc4 17.Bxc4 Rdc8 18.Bf1 Qe7 19.Rdc1 cxd4 20.Rxc8+ Bxc8 21.exd4 Nf6
22.Nc2 Nd5 23.Nb4 Nxb4 24.axb4 Qg5 25.Qc7 Bd7 26.h4 Qd2 27.Qc3 Qxc3 28.bxc3 d5
29.Ra1 Bc8 30.Ra5 Bb7 31.f4 Kf8 32.Kf2 Ke7 33.Ke3 Kd6 34.Rc5 Bc6 35.g4 Bb7
36.Bd3 Bc6 37.f5 exf5 38.gxf5 Bb7 39.Kf4 Bc6 40.f6 gxf6 41.Kf5 Rg8 42.Bxa6 Rg2
43.Kxf6 Rf2+ 44.Kg7 f5 45.b5 Bd7 46.b6 Rb2 47.b7 Bc6 48.Rb5 Rxb5 49.Bxb5 Bxb7
50.Kxh6 {#r} 1-0

[Event "Dutch League 2016-17"]
[Site "Netherlands NED"]
[Date "2017.03.11"]
[Round "7.4"]
[White "Piceu,T"]
[Black "Peng Zhaoqin"]
[Result "0-1"]
[WhiteElo "2373"]
[BlackElo "2368"]
[EventType "team-tourn"]

1.d4 e6 2.Nf3 Nf6 3.e3 b6 4.Bd3 c5 5.O-O Bb7 6.Nbd2 Nc6 7.c3 Be7 8.Re1 Qc7
9.a3 d5 10.dxc5 bxc5 11.e4 O-O 12.Qe2 Rae8 13.b4 h6 14.bxc5 Bxc5 15.Nb3 dxe4
16.Nxc5 exd3 17.Qxd3 Rd8 18.Qe2 Ba8 19.c4 Nd4 20.Nxd4 Rxd4 21.Nd3 Ng4 22.g3
Nxh2 23.Bf4 Qc6 {#R} 0-1

[Event "Dutch League 2016-17"]
[Site "Netherlands NED"]
[Date "2017.03.11"]
[Round "7.5"]
[White "Berelowitsch,A"]
[Black "Roos,Ad"]
[Result "1-0"]
[WhiteElo "2527"]
[BlackElo "2290"]
[EventType "team-tourn"]

1.e4 c5 2.Nf3 d6 3.d4 cxd4 4.Nxd4 Nf6 5.Nc3 a6 6.g3 e5 7.Nb3 Be7 8.Bg2 b5 9.a4
b4 10.Nd5 Nxd5 11.Qxd5 Ra7 12.Be3 Be6 13.Qd3 Rd7 14.O-O O-O 15.Rfc1 Rb7 16.Nd2
Qc7 17.c3 Rc8 18.a5 Qd7 19.cxb4 Rxb4 20.b3 Qb7 21.Rxc8+ Qxc8 22.Nc4 Bxc4
23.bxc4 Nc6 24.Bf1 Nd4 25.Bxd4 exd4 26.Qxd4 Qc5 27.Qxc5 dxc5 28.e5 Bd8 29.f4
Rb2 30.Bh3 Rb8 31.Kf2 Kf8 32.Ke3 Bc7 33.Bd7 Ke7 34.Bc6 h6 35.Ke4 Rd8 36.Bb7
Rd4+ 37.Ke3 Rd8 38.Bxa6 Ra8 39.Bb5 Bxa5 40.Ke4 Ra7 41.Kd5 Kd8 42.Kc6 Rc7+
43.Kd6 Ra7 44.Rd1 Bb4 45.f5 Ra2 46.e6 fxe6 47.fxe6 Re2 48.e7+ Rxe7 49.Rf1 {#r}
1-0

[Event "Dutch League 2016-17"]
[Site "Netherlands NED"]
[Date "2017.03.11"]
[Round "7.6"]
[White "Cardon,H"]
[Black "Van de Griendt,JW"]
[Result "1-0"]
[WhiteElo "2404"]
[BlackElo "2362"]
[EventType "team-tourn"]

1.d4 Nf6 2.c4 e6 3.Nc3 c5 4.d5 exd5 5.cxd5 d6 6.e4 g6 7.Bd3 Bg7 8.h3 O-O 9.Nf3
a6 10.a4 Nh5 11.O-O Nd7 12.Bg5 Bf6 13.Be3 Re8 14.Nd2 Rb8 15.a5 Qc7 16.Qa4 Qd8
17.Qc2 g5 18.g3 h6 19.Kg2 Kh8 20.Be2 Ng7 21.Nc4 Ne5 22.Nb6 Nd7 23.Nca4 Qe7
24.Bd3 Ne5 25.Be2 Bd7 26.Nc3 Ng6 27.Bd3 Rbd8 28.Rae1 Bb5 29.Bxb5 axb5 30.Nxb5
Qxe4+ 31.Qxe4 Rxe4 32.Bxg5 Rxe1 33.Bxf6 Rxf1 34.Kxf1 Rb8 35.Nxd6 Kg8 36.Nd7
Ra8 37.Nxb7 Ne8 38.Bc3 Ne7 39.Nb6 Ra7 40.d6 Rxb7 41.d7 Rb8 42.dxe8=Q+ Rxe8
43.Ke2 Nd5+ 44.Kd3 Nxb6 45.axb6 Rb8 46.Ba5 Kf8 47.Kc4 Ke7 48.Kb5 Kd7 49.Bd2 h5
50.Bf4 Rb7 51.Kxc5 {#r} 1-0

[Event "Dutch League 2016-17"]
[Site "Netherlands NED"]
[Date "2017.03.11"]
[Round "7.7"]
[White "Bosboom,M"]
[Black "Goormachtigh,J"]
[Result "1-0"]
[WhiteElo "2393"]
[BlackElo "2159"]
[EventType "team-tourn"]

1.Nf3 c5 2.e4 e6 3.d3 Nc6 4.g3 g6 5.Bg5 f6 6.Bd2 e5 7.Bg2 Nge7 8.a3 d5 9.exd5
Nxd5 10.O-O Bg7 11.Nc3 Nxc3 12.Bxc3 O-O 13.b4 cxb4 14.axb4 Bg4 15.b5 Nd4
16.Bxd4 exd4 17.Qb1 Bxf3 18.Bxf3 Qd7 19.Qb3+ Kh8 20.Ra4 a6 21.Rfa1 f5 22.bxa6
Rxa6 23.Rxa6 bxa6 24.Rxa6 Qe7 25.Kg2 Bf6 26.Rb6 Bg7 27.Qc4 Qe5 28.Re6 Qb8
29.h4 Qd8 30.Rc6 Qe7 31.Re6 Qd8 32.Qb5 Qc7 33.Qc4 Qd8 34.Qa4 Qc7 35.Ra6 Qe7
36.Ra7 Qf6 37.Qd7 Qe5 38.Bd5 Qf6 39.f4 {#r} 1-0

[Event "Dutch League 2016-17"]
[Site "Netherlands NED"]
[Date "2017.03.11"]
[Round "7.10"]
[White "Sterck,Arno"]
[Black "Vedder,R"]
[Result "0-1"]
[WhiteElo "2179"]
[BlackElo "2213"]
[EventType "team-tourn"]

1.e4 e5 2.Nf3 Nc6 3.Bc4 Nf6 4.d3 Be7 5.O-O O-O 6.Re1 d6 7.a4 Na5 8.Ba2 c5 9.c3
Nc6 10.Na3 Be6 11.Bxe6 fxe6 12.Nc4 Qe8 13.b4 cxb4 14.cxb4 Nh5 15.b5 Nd4
16.Nxd4 exd4 17.Qg4 Qf7 18.f4 Nf6 19.Qh3 Rfd8 20.Bb2 Bf8 21.Bxd4 d5 22.Ne5 Qe8
23.Bf2 a6 24.b6 Rac8 25.Nf3 dxe4 26.dxe4 Rd3 27.e5 Nd5 28.f5 Rc4 29.fxe6 g6
30.Kh1 Nf4 31.Qg4 h5 32.Qg3 Qxe6 33.Be3 Nd5 34.Bg1 Rg4 35.Qf2 Nf4 36.g3 Qd5
37.Re3 Rxe3 38.Qxe3 Bc5 39.Qc3 Ne2 {#R} 0-1

[Event "66th ch-GRE 2017"]
[Site "Thessaloniki GRE"]
[Date "2017.03.10"]
[Round "7.2"]
[White "Nikolaidis,I"]
[Black "Simeonidis,I"]
[Result "1-0"]
[WhiteElo "2557"]
[BlackElo "2231"]

1.c4 g6 2.d4 Nf6 3.Nc3 d5 4.Nf3 Bg7 5.cxd5 Nxd5 6.e4 Nxc3 7.bxc3 c5 8.Rb1 O-O
9.Be2 cxd4 10.cxd4 Qa5+ 11.Qd2 Qxd2+ 12.Bxd2 Nc6 13.d5 Nd4 14.Nxd4 Bxd4 15.Bb4
Bd7 16.Bxe7 Rfe8 17.d6 Bc3+ 18.Kf1 Bc6 19.Bb5 {#r} 1-0

[Event "ch-IRI 2017"]
[Site "Tehran IRI"]
[Date "2017.03.10"]
[Round "8.2"]
[White "Tabatabaei,M"]
[Black "Darini,P"]
[Result "1-0"]
[WhiteElo "2515"]
[BlackElo "2518"]

1.e4 c5 2.Nf3 Nc6 3.d4 cxd4 4.Nxd4 Qb6 5.Nb3 Nf6 6.Nc3 e6 7.Qe2 Bb4 8.Bd2 O-O
9.e5 Nd5 10.Nxd5 exd5 11.O-O-O a5 12.Be3 Qc7 13.a3 Be7 14.Rxd5 Nxe5 15.f4 Nc6
16.g4 a4 17.Nd2 b5 18.Qxb5 Ra5 19.Qc4 Ba6 20.Qe4 Rxd5 21.Qxd5 Nb4 22.axb4 Bb7
23.Qa5 Qxa5 24.bxa5 Bxh1 25.a6 Re8 26.Nc4 a3 27.bxa3 Bxa3+ 28.Kd2 Bb4+ 29.c3
Be7 30.a7 Bd8 31.Bb6 Bxb6 32.Nxb6 Bc6 33.Ba6 Rd8 34.Ke3 Kf8 35.Kd4 d6 36.Bc4
d5 37.Kc5 Bb7 38.Bxd5 {#r} 1-0

[Event "ch-IRI 2017"]
[Site "Tehran IRI"]
[Date "2017.03.10"]
[Round "8.3"]
[White "Ghaem Maghami,E"]
[Black "Mosadeghpour,Masoud"]
[Result "0-1"]
[WhiteElo "2577"]
[BlackElo "2444"]

1.Nf3 Nf6 2.c4 e6 3.g3 d5 4.Bg2 d4 5.O-O c5 6.d3 Nc6 7.e3 Be7 8.exd4 cxd4
9.Re1 Nd7 10.b3 O-O 11.Ba3 a5 12.Bxe7 Qxe7 13.Nbd2 f5 14.a3 Nc5 15.Qc2 Qd6
16.Rab1 Na6 17.Ra1 h6 18.Rec1 Bd7 19.c5 Qe7 20.Qc4 Rac8 21.Rab1 Rfd8 22.Ne1
Be8 23.Qb5 Nc7 24.Qc4 Ne5 25.Qc2 Nd5 26.Bxd5 Rxd5 27.b4 b5 28.Ng2 Nc6 29.Re1
axb4 30.axb4 g5 31.Qb3 Qf6 32.Ra1 Bf7 33.Ra6 e5 34.Qd1 Qg7 35.Qb1 Qf6 36.f3
Rdd8 37.g4 Bd5 38.gxf5 Qxf5 39.Rf1 Ra8 40.Rxa8 Rxa8 41.Ne4 Ra4 42.Qe1 Nxb4
43.Nd6 Qf6 44.Qd2 Nc6 45.Nxb5 Ra2 46.Qd1 g4 47.Qe1 gxf3 48.Nh4 Kh7 49.Nd6 Qg5+
50.Qg3 Qe3+ 51.Kh1 Rg2 52.Qh3 Rg1+ {#R} 0-1

[Event "ch-IRI 2017"]
[Site "Tehran IRI"]
[Date "2017.03.10"]
[Round "8.6"]
[White "Lorparizangeneh,S"]
[Black "Bagheri,Maziar"]
[Result "1-0"]
[WhiteElo "2524"]
[BlackElo "2302"]

1.Nf3 d5 2.g3 c6 3.Bg2 e6 4.O-O f5 5.d3 Nf6 6.c4 Be7 7.Nc3 O-O 8.cxd5 exd5
9.Qc2 Nbd7 10.b3 Qe8 11.Nd4 Ne5 12.Na4 Bd6 13.Rb1 Qe7 14.Bd2 Bd7 15.b4 Rae8
16.e3 a6 17.Qc3 Qf7 18.f4 Neg4 19.Rbe1 Re7 20.Nf3 Qe8 21.Qd4 Qh5 22.Qb6 Bc8
23.Nb2 Qe8 24.Qd4 Bc7 25.Na4 Nh6 26.Re2 Nf7 27.Rfe1 Nd6 28.Qb2 Be6 29.Bc3 Nb5
30.Be5 Ng4 31.Bxc7 Nxc7 32.Nc5 b6 33.Nb3 Bf7 34.h3 Nxe3 35.Qc1 Nxg2 36.Rxe7
Nxe1 37.Rxe8 Nxf3+ 38.Kf2 Rxe8 39.Kxf3 Nb5 40.a4 Na7 41.Nd4 b5 42.Qc5 Nc8
43.a5 {#r} 1-0

[Event "Stockholm Chess Challenge"]
[Site "Stockholm SWE"]
[Date "2017.03.10"]
[Round "7.3"]
[White "Hemant,S2"]
[Black "Maiorov,N1"]
[Result "0-1"]
[WhiteElo "2399"]
[BlackElo "2518"]

1.e4 e5 2.Nf3 Nc6 3.Nc3 Nf6 4.Bb5 Bd6 5.O-O O-O 6.d3 Re8 7.Ne2 a6 8.Bc4 Na5
9.Ng3 Nxc4 10.dxc4 Bf8 11.b3 b5 12.Bb2 d6 13.Qe2 Qd7 14.a4 bxc4 15.Qxc4 c6
16.Qd3 Qc7 17.Rfe1 Bb7 18.a5 Rac8 19.h3 g6 20.Nd2 Bg7 21.Nc4 d5 22.exd5 cxd5
23.Nxe5 Ne4 24.f4 Qxc2 25.Qxc2 Rxc2 26.Nxe4 dxe4 27.Bd4 e3 28.Rxe3 Rxg2+
29.Kf1 Rh2 30.Kg1 Rd2 31.Bc3 Rg2+ 32.Kf1 Bh6 33.Rd1 Bxf4 34.Ng4 Bxe3 35.Nf6+
Kg7 36.Ng4+ Kf8 37.Bb4+ Kg8 38.Nf6+ Kh8 39.Nxe8 Bf3 40.Bc3+ f6 {#R} 0-1

[Event "Stockholm Chess Challenge"]
[Site "Stockholm SWE"]
[Date "2017.03.10"]
[Round "7.4"]
[White "Hansen,Mads3"]
[Black "Mihajlov,Seb"]
[Result "1-0"]
[WhiteElo "2446"]
[BlackElo "2346"]

1.e4 e6 2.d4 d5 3.Nc3 Nf6 4.e5 Nfd7 5.f4 c5 6.Nf3 Nc6 7.Be3 a6 8.Qd2 b5 9.dxc5
Bxc5 10.Bd3 Qb6 11.Bf2 Bb7 12.O-O Bxf2+ 13.Rxf2 O-O 14.a3 Nc5 15.Re1 b4
16.axb4 Nxb4 17.Qe3 d4 18.Bxh7+ Kxh7 19.Ng5+ Kg8 20.Qh3 Rfe8 21.Qh5 Qc7 22.f5
{#r} 1-0

[Event "Stockholm Chess Challenge"]
[Site "Stockholm SWE"]
[Date "2017.03.10"]
[Round "7.6"]
[White "Hambleton,A"]
[Black "Kenneskog,Theodor"]
[Result "1-0"]
[WhiteElo "2441"]
[BlackElo "2323"]

1.d4 Nf6 2.c4 g6 3.Nc3 d5 4.e3 Bg7 5.Qb3 e6 6.Qa3 Nc6 7.Nf3 Ne7 8.Be2 O-O
9.O-O b6 10.cxd5 exd5 11.b4 Bb7 12.Bb2 Nf5 13.Qb3 Nd6 14.b5 Nde4 15.Rac1 a6
16.a4 axb5 17.axb5 Re8 18.Na2 Bf8 19.Nb4 Bd6 20.Nc6 Qc8 21.Rc2 Qe6 22.Nfe5 Nd7
23.f3 Nxe5 24.fxe4 Nxc6 25.bxc6 Ba6 26.Bxa6 Rxa6 27.e5 Be7 28.Rcf2 Rf8 29.e4
Ra5 30.Rf6 Bxf6 31.Rxf6 Qg4 32.exd5 Qe4 33.d6 Qxc6 34.dxc7 Qxc7 35.h4 Qd7
36.Rxb6 Qd5 37.Qb4 Rd8 38.h5 Ra2 39.h6 Raa8 40.Qe7 Rdc8 41.Qf6 Kf8 42.Rd6 Qb3
43.Kh2 Qe3 44.Qg7+ Ke7 45.Rf6 Rf8 46.e6 Kd6 47.exf7+ Kd5 48.Rf3 Qg5 49.Bc1
Qxc1 50.Qe5+ Kc6 51.Rf6+ Kb7 52.Qb5+ Kc8 53.Rc6+ Qxc6 54.Qxc6+ Kb8 55.d5 Ka7
56.Qc7+ Ka6 57.d6 Rac8 58.Qe7 Kb6 59.d7 Rcd8 60.Qd6+ Kb7 61.Kg3 Ra8 62.Kh4
Ra4+ 63.g4 Raa8 64.Kg5 Rfd8 65.Kf6 Ra6 66.Qxa6+ {#r} 1-0

[Event "Stockholm Chess Challenge"]
[Site "Stockholm SWE"]
[Date "2017.03.10"]
[Round "7.7"]
[White "Stefansson,Vignir Vatnar"]
[Black "Risting,Eivind Olav"]
[Result "1-0"]
[WhiteElo "2353"]
[BlackElo "2283"]

1.b3 e5 2.Bb2 Nc6 3.e3 Nf6 4.Bb5 Bd6 5.Bxc6 dxc6 6.d3 Qe7 7.e4 Bg4 8.Ne2 h5
9.h3 Bd7 10.Nd2 g5 11.Nc4 b5 12.Ne3 h4 13.Qd2 Ba3 14.Bxa3 Qxa3 15.Qc3 Qe7
16.a4 O-O 17.Ng1 Ne8 18.Nf3 f6 19.g3 hxg3 20.fxg3 bxa4 21.Rxa4 Nd6 22.Qc5 a6
23.g4 Kg7 24.Nf1 Rh8 25.Ng3 Kf8 26.Nh5 Kg8 27.Qe3 c5 28.Ra1 Nb5 29.O-O Be8
30.Ng3 Bg6 31.Kg2 Nd4 32.Qf2 Ne6 33.Ne2 Kg7 34.Nd2 Rh6 35.Nc4 Be8 36.Ne3 Bg6
37.Nd5 Qd6 38.Qxf6+ Kh7 39.Qe7+ Qxe7 40.Nxe7 Be8 41.Nd5 {#r} 1-0

[Event "Stockholm Chess Challenge"]
[Site "Stockholm SWE"]
[Date "2017.03.10"]
[Round "7.8"]
[White "Thorn,E"]
[Black "Westerberg,J"]
[Result "1-0"]
[WhiteElo "2284"]
[BlackElo "2475"]

1.Nf3 d5 2.e3 Nf6 3.c4 e6 4.d4 a6 5.Nbd2 c5 6.Bd3 Nc6 7.O-O Bd6 8.dxc5 Bxc5
9.a3 dxc4 10.Bxc4 b5 11.Be2 Bb7 12.b4 Be7 13.Bb2 O-O 14.Rc1 Rc8 15.Nb3 Qb6
16.Nc5 Rfd8 17.Qc2 Nd5 18.Nxb7 Qxb7 19.Qb1 Nb6 20.Bd3 h6 21.Bh7+ Kh8 22.Be4
Nd5 23.Rfd1 Na7 24.Qa1 Bf8 25.Ne5 Kg8 26.Bf3 Rxc1 27.Qxc1 Be7 28.Bh5 Rf8
29.Bf3 Rc8 30.Qd2 Rd8 31.Qc2 Bf6 32.Nd3 Bxb2 33.Qxb2 Qe7 34.Nc5 a5 35.Bxd5
axb4 36.Nxe6 fxe6 37.Bxe6+ Kh8 38.Rxd8+ Qxd8 39.Bb3 bxa3 40.Qxa3 Nc6 41.Qc5
Na5 42.Qxb5 Nxb3 43.Qxb3 Qd2 44.Qb8+ Kh7 45.Qb1+ Kg8 46.g3 Qe2 47.Qb8+ Kh7
48.Qf4 Kg8 49.h4 Qd1+ 50.Kh2 Qd5 51.e4 Qc4 52.Qf5 Qd3 53.Qd5+ {#r} 1-0

[Event "Stockholm Chess Challenge"]
[Site "Stockholm SWE"]
[Date "2017.03.10"]
[Round "7.9"]
[White "Kaasen,Tor Fredrik"]
[Black "Pantzar,Milton"]
[Result "0-1"]
[WhiteElo "2442"]
[BlackElo "2257"]

1.Nf3 Nf6 2.c4 e6 3.Nc3 d5 4.d4 dxc4 5.e3 a6 6.a4 c5 7.Bxc4 Nc6 8.O-O cxd4
9.exd4 Be7 10.Re1 O-O 11.Bf4 Nb4 12.Qb3 Bd7 13.Ne5 Nc6 14.Qxb7 Nxe5 15.dxe5
Nh5 16.Rad1 Rb8 17.Qxd7 Nxf4 18.Qa7 Qe8 19.Qd4 Ng6 20.Bxa6 Rxb2 21.Bb5 Qa8
22.Nd5 Rc2 23.Qd3 Rc5 24.Nxe7+ Nxe7 25.Qd6 Qa7 26.Rc1 Rd5 27.Qb4 Ng6 28.Qc3
Rfd8 29.g3 Qb8 30.f4 Qb6+ 31.Qe3 Qa5 32.Kh1 Ne7 33.Qc3 Qa8 34.Bc6 Nxc6 35.Qxc6
Qa7 36.Rc2 g6 37.Rce2 Rd4 38.f5 gxf5 39.Qc1 Rg4 40.Rd1 Qa8+ 41.Kg1 Rc8 42.Qh6
Qxa4 43.Red2 Qa7+ 44.Kg2 Qa8+ 45.Kh3 Rg6 46.Qh4 Kg7 47.Rd7 Rf8 48.Rd8 Rxd8
49.Rxd8 Qf3 50.Qf4 Rh6+ 51.Qxh6+ Kxh6 52.Rg8 Qf1+ 53.Kh4 Qg2 {#R} 0-1

[Event "Stockholm Chess Challenge"]
[Site "Stockholm SWE"]
[Date "2017.03.10"]
[Round "7.11"]
[White "Tuomainen,Felix"]
[Black "Sahil,Tic"]
[Result "1-0"]
[WhiteElo "2297"]
[BlackElo "2180"]

1.d4 d5 2.c4 e6 3.Nc3 Nf6 4.cxd5 exd5 5.Bg5 c6 6.Qc2 Be7 7.e3 h6 8.Bh4 Nbd7
9.Bd3 Nh5 10.Bxe7 Qxe7 11.Nge2 Nb6 12.O-O O-O 13.Rab1 a5 14.a3 a4 15.e4 dxe4
16.Bxe4 Be6 17.Bf3 Nf6 18.Rfe1 Qd7 19.Ne4 Nxe4 20.Bxe4 Rfe8 21.Qc5 Ba2 22.Bf5
Qd5 23.Ra1 Bb3 24.Nc3 Qxc5 25.dxc5 Nc4 26.Ne4 Re5 27.g4 g6 28.f4 Re7 29.Nf6+
Kg7 30.Rxe7 Kxf6 31.Rxb7 gxf5 32.Rc7 fxg4 33.Rxc6+ Kf5 34.Rxh6 Nd2 35.c6 Rc8
36.Rc1 Be6 37.Rh5+ Kxf4 38.Ra5 Ke3 39.Rxa4 Nf3+ 40.Kg2 Rh8 41.Rc3+ Ke2 42.c7
f5 43.Kg3 Bd7 44.Rb4 f4+ 45.Kxf4 Rf8+ 46.Kg3 Nd2 47.Rd4 Nf1+ 48.Kh4 Rh8+
49.Kg5 Rg8+ 50.Kf6 Nxh2 51.Rxd7 {#r} 1-0

[Event "FSGM March 2017"]
[Site "Budapest HUN"]
[Date "2017.03.10"]
[Round "6.1"]
[White "Chekletsov,Ilya"]
[Black "Torma,R"]
[Result "0-1"]
[WhiteElo "2391"]
[BlackElo "2499"]

1.d4 d5 2.c4 e6 3.Nf3 Nf6 4.g3 dxc4 5.Bg2 Bd7 6.Ne5 Bc6 7.Nxc6 Nxc6 8.e3 Qd7
9.O-O Rd8 10.Qe2 e5 11.Qxc4 exd4 12.exd4 Nxd4 13.Re1+ Be7 14.Be3 c5 15.b4 cxb4
16.Bxd4 Qxd4 17.Qxd4 Rxd4 18.a3 Kd8 19.Bxb7 a5 20.axb4 Bxb4 21.Rc1 Ke7 22.Nc3
Rhd8 23.Nb5 R4d7 24.Bf3 Kf8 25.Kg2 g6 26.Rc6 Kg7 27.h3 Rd2 28.Nc7 Rb2 29.Rd1
Rxd1 30.Bxd1 Ne4 31.Bc2 Nc5 32.Bd1 Nd3 33.Kf3 Ne5+ {#R} 0-1

[Event "FSGM March 2017"]
[Site "Budapest HUN"]
[Date "2017.03.10"]
[Round "6.3"]
[White "Iniyan,P"]
[Black "Heinz,Ti"]
[Result "1-0"]
[WhiteElo "2378"]
[BlackElo "2375"]

1.d4 d5 2.c4 c6 3.Nf3 Nf6 4.Nc3 dxc4 5.a4 Bf5 6.Ne5 e6 7.f3 c5 8.e4 Bg6 9.Be3
cxd4 10.Bxd4 Nc6 11.Nxc6 bxc6 12.Bxc4 Qa5 13.Qb3 Bc5 14.Bb5 cxb5 15.Bxc5 Rc8
16.Ba3 b4 17.Bxb4 Rb8 18.Nb5 Rxb5 19.axb5 Qxa1+ 20.Kf2 Qxh1 21.Qc2 Ng4+
22.fxg4 {#r} 1-0

[Event "FSIM March 2017"]
[Site "Budapest HUN"]
[Date "2017.03.10"]
[Round "6.1"]
[White "Huguet,S"]
[Black "Toth,Be1"]
[Result "0-1"]
[WhiteElo "2068"]
[BlackElo "2347"]

1.e4 c5 2.Nc3 d6 3.f4 g6 4.Nf3 Bg7 5.Bc4 Nc6 6.O-O e6 7.d3 Nge7 8.Qe1 O-O
9.Qh4 Nd4 10.f5 gxf5 11.Bg5 f6 12.Bd2 Ng6 13.Qh5 fxe4 14.dxe4 Bd7 15.Nxd4 cxd4
16.Ne2 Ne5 17.Bb3 Qb6 18.Kh1 Rae8 19.Rf4 Ng6 20.Rf3 Qc5 21.Rh3 Qxh5 22.Rxh5
Rf7 23.Nxd4 Ne5 24.Rf1 Nc6 25.Nb5 Bf8 26.Bh6 Na5 27.Nc7 Rc8 28.Bxf8 Nxb3
29.Bxd6 Nd2 30.Rf4 e5 31.Bxe5 Nxe4 32.Bd4 Rxc7 33.Rxe4 Rxc2 34.h4 Rg7 35.Rc5
Rcxg2 36.Rg5 R2xg5 37.hxg5 Bc6 {#R} 0-1

[Event "FSIM March 2017"]
[Site "Budapest HUN"]
[Date "2017.03.10"]
[Round "6.3"]
[White "Groetzbach,J"]
[Black "Lyell,M"]
[Result "1-0"]
[WhiteElo "2234"]
[BlackElo "2224"]

1.Nf3 d5 2.g3 Nc6 3.d4 Bg4 4.Bg2 Qd7 5.O-O O-O-O 6.c4 dxc4 7.Nbd2 Nxd4 8.Nxd4
Qxd4 9.Qa4 e5 10.Nxc4 Be6 11.Be3 Qxc4 12.Bxb7+ Kxb7 13.Qxa7+ Kc8 14.Rac1 Qxc1
15.Rxc1 Kd7 16.Qxc7+ Ke8 17.Bb6 Rc8 18.Qxc8+ Bxc8 19.Rxc8+ Ke7 20.Bc5+ Kf6
21.Rxf8 g6 22.a4 Kg7 23.a5 {#r} 1-0

[Event "FSIM March 2017"]
[Site "Budapest HUN"]
[Date "2017.03.10"]
[Round "6.4"]
[White "Chekletsov,Egor"]
[Black "Sredojevic,I"]
[Result "0-1"]
[WhiteElo "2106"]
[BlackElo "2367"]

1.d4 Nf6 2.c4 e6 3.Nf3 d5 4.Nc3 c6 5.cxd5 exd5 6.Bg5 Be7 7.e3 O-O 8.Qc2 Re8
9.Bd3 Nbd7 10.h3 Nf8 11.O-O g6 12.Bf4 Ne6 13.Bh2 Ng7 14.Rab1 a5 15.a3 Bf5
16.Ne5 Bxd3 17.Qxd3 Bd6 18.b4 axb4 19.axb4 Qe7 20.b5 c5 21.Nf3 Bxh2+ 22.Kxh2
Ra3 23.Ra1 Rea8 24.Rxa3 Rxa3 25.Kg1 c4 26.Qc2 Qb4 27.Rc1 Nf5 28.e4 dxe4
29.Nxe4 Nxe4 30.Qxe4 Qxb5 31.Rb1 Rb3 32.Ra1 c3 33.d5 Qc5 34.g4 Rb2 35.Qe8+ Kg7
36.Rf1 Rxf2 37.Rxf2 c2 38.gxf5 c1=Q+ 39.Kg2 Qf4 {#R} 0-1

[Event "FSIM March 2017"]
[Site "Budapest HUN"]
[Date "2017.03.10"]
[Round "6.5"]
[White "Dencsi,T"]
[Black "Ilincic,Z"]
[Result "1-0"]
[WhiteElo "2314"]
[BlackElo "2397"]

1.d4 Nf6 2.c4 e6 3.Nf3 Bb4+ 4.Nbd2 b6 5.a3 Bxd2+ 6.Qxd2 Bb7 7.e3 d6 8.Be2 Nbd7
9.O-O Qe7 10.b4 Rc8 11.Bb2 c5 12.Rfd1 Ne4 13.Qc2 O-O 14.Bd3 f5 15.Qe2 e5
16.Ne1 Rce8 17.d5 Rf6 18.f4 Rg6 19.Nf3 Rg4 20.Bxe4 fxe4 21.Nxe5 Nxe5 22.fxe5
Rg5 23.e6 b5 24.Rf1 Qd8 25.Rf7 Re7 26.Raf1 Rxf7 27.Rxf7 Qa8 28.Qf2 bxc4 29.e7
{#r} 1-0

[Event "49th Belgrade WGM 2017"]
[Site "Belgrade SRB"]
[Date "2017.03.10"]
[Round "8.1"]
[White "Djukic,Sa"]
[Black "Nestorovic,Katarina"]
[Result "1-0"]
[WhiteElo "2182"]
[BlackElo "2134"]

1.d4 Nf6 2.c4 e6 3.a3 Be7 4.Nf3 b6 5.g3 Bb7 6.Bg2 c5 7.d5 d6 8.Nc3 O-O 9.O-O
exd5 10.cxd5 Na6 11.Re1 Nc7 12.e4 Nd7 13.Bf4 f6 14.Qd2 Ne5 15.Nxe5 dxe5 16.Be3
b5 17.Rec1 a5 18.a4 b4 19.Nd1 Na6 20.b3 Qc7 21.Nb2 Rad8 22.Rc2 g6 23.Rac1 f5
24.f3 Rc8 25.Nd3 Qd6 26.Rc4 Rc7 27.R1c2 Rfc8 28.Qc1 Qb6 29.Nxe5 Bf6 30.Nd3 Bc3
31.Nf4 Re7 32.Bf2 Qf6 33.Ne2 fxe4 34.fxe4 Rf8 35.Nxc3 bxc3 36.R4xc3 Nb4 37.Rd2
{#r} 1-0

[Event "49th Belgrade WGM 2017"]
[Site "Belgrade SRB"]
[Date "2017.03.10"]
[Round "8.2"]
[White "Dimitrijevic,A"]
[Black "Benderac,A"]
[Result "0-1"]
[WhiteElo "2262"]
[BlackElo "2206"]

1.d4 e6 2.Bf4 f5 3.Qd3 Nf6 4.Nd2 Nc6 5.c3 Be7 6.h3 O-O 7.Ngf3 d5 8.g3 Ne4
9.Bg2 a5 10.Ne5 Nxe5 11.Bxe5 b6 12.f3 Ba6 13.Qc2 Nd6 14.h4 c5 15.e3 Rc8 16.a4
f4 17.e4 dxe4 18.fxe4 cxd4 19.Bxd4 Nf7 20.Nf3 e5 21.Bxe5 Nxe5 22.Nxe5 fxg3
23.Qb3+ Kh8 24.Rd1 Qc7 25.Qe6 Bf6 26.Ng4 Bxc3+ 27.bxc3 Qxc3+ 28.Rd2 Rcd8 {#R}
0-1

[Event "49th Belgrade WGM 2017"]
[Site "Belgrade SRB"]
[Date "2017.03.10"]
[Round "8.4"]
[White "Tomilova,E"]
[Black "Chelushkina,I"]
[Result "1-0"]
[WhiteElo "2292"]
[BlackElo "2236"]

1.d4 Nf6 2.Bg5 g6 3.Bxf6 exf6 4.e3 d5 5.g3 h5 6.h4 c6 7.Bg2 Bg4 8.Ne2 Qb6 9.b3
a5 10.O-O a4 11.Nbc3 a3 12.f3 Bf5 13.e4 dxe4 14.fxe4 Bg4 15.Rxf6 Nd7 16.Rf2
Bh6 17.Kh1 O-O 18.Na4 Qa7 19.Bf3 Ne5 20.Bxg4 Nxg4 21.Rf3 Be3 22.c3 Rad8 23.Qc2
b6 24.e5 c5 25.Qe4 cxd4 26.cxd4 Rfe8 27.Raf1 f5 28.Qc6 Qf7 29.Qxb6 Rd5 30.Qb4
Red8 31.Nac3 Bd2 32.Qc4 Bxc3 33.Rxc3 Nh6 34.Rfc1 Kh8 35.Nf4 Rxd4 36.Qxf7 Nxf7
37.e6 Rd1+ 38.Rxd1 Rxd1+ 39.Kg2 Nd6 40.Rd3 Rxd3 41.Nxd3 Kg7 42.Kf3 Kf6 43.Ke3
Ne4 44.Kd4 Nxg3 45.Kd5 Ne4 46.b4 Ke7 47.Nf4 Nc3+ 48.Ke5 Ke8 49.Nd5 Nb5 50.Kf6
f4 51.Nxf4 Nc3 52.e7 {#r} 1-0

[Event "49th Belgrade WGM 2017"]
[Site "Belgrade SRB"]
[Date "2017.03.10"]
[Round "8.5"]
[White "Zarkovic,M"]
[Black "Dragomirescu,An"]
[Result "1-0"]
[WhiteElo "2238"]
[BlackElo "2210"]

1.e4 d6 2.d4 Nf6 3.Nc3 e5 4.Nf3 Nbd7 5.Bc4 Be7 6.O-O O-O 7.a4 a6 8.Re1 b6 9.b4
Bb7 10.d5 h6 11.h3 Nh7 12.Ne2 Ng5 13.Ng3 Nxf3+ 14.Qxf3 Bg5 15.a5 Bxc1 16.Rexc1
bxa5 17.Rxa5 Qg5 18.Rca1 Nb6 19.Bf1 g6 20.c4 f5 21.c5 fxe4 22.Nxe4 Rxf3
23.Nxg5 Rf5 24.Ne4 Bxd5 25.Ng3 Nc4 26.Bxc4 Bxc4 27.Nxf5 gxf5 28.cxd6 cxd6
29.b5 Kf7 30.Rxa6 Rb8 31.Rxd6 Rxb5 32.Ra7+ Ke8 33.Rxh6 {#r} 1-0